000 01805nam a2200493 i 4500
001 29269
003 KOSZ 005
005 20240405063046.0
008 200604s1990 pl a g 001 0 pol
015 _aPB 2005/11500
040 _aWA N
_cWA N
_dKOSZ 005/RW
045 _bd1918
_bd1939
046 _k1990
080 _a355.1(438)"1918/1939"
080 _a94(438).081
080 _a94(430)
245 0 0 _aFront przeciwniemiecki 1919 r.
_bwybór dokumentów wojskowych /
_cwstęp, wybór, opracowanie Bogusław Polak ; Wyższa Szkoła Inżynierska w Koszalinie.
260 _aKoszalin :
_bWydawawnictwo Uczelniane Wyższej Szkoły Inżynierskiej,
_c1990.
300 _aXVII, [1], 134, [9] strony :
_bfaksy, mapy ;
_c24 cm.
336 _aTekst
_btxt
_2rdacontent
337 _aBez urządzenia pośredniczącego
_bn
_2rdamedia
338 _aWolumin
_bnc
_2rdacarrier
380 _aKsiążki
380 _aPublikacje naukowe
388 _a1901-2000
388 _a1989-2000
500 _aNa książce zbędny ISSN.
504 _aIndeks.
648 7 _a1901-2000
648 7 _a1918-1939
650 7 _aWojsko
650 7 _aTechnika wojskowa
650 7 _aPolityka
651 7 _aPolska
651 7 _aNiemcy
655 7 _aWydawnictwo źródłowe
658 _aHistoria
658 _aBezpieczeństwo i wojskowość
700 1 _aPolak, Bogusław
_d(1945-)
_eOpracowanie
710 2 _aWydawnictwo Uczelniane (Wyższa Szkoła Inżynierska ; Koszalin)
_4pbl
856 _uhttp://dlibra.tu.koszalin.pl/dlibra/docmetadata?id=372&from=&dirids=1&ver_id=&lp=1&QI=
_yBiblioteka Cyfrowa
856 _uhttp://koha.tu.koszalin.pl/cgi-bin/koha/opac-detail.pl?biblionumber=29269
_yKatalog online BPK
942 _2UKD
_cKS
999 _c29269
_d29269